<?xml version="1.0" encoding="UTF-8"?>
<marc:record xmlns:marc="http://www.loc.gov/MARC21/slim">
   <marc:leader>00000nam a2200000 a 4500</marc:leader>
   <marc:datafield ind1="1" ind2=" " tag="100">
      <marc:subfield code="a">Kreuzer, Kristina</marc:subfield>
      <marc:subfield code="4">aut</marc:subfield>
      <marc:subfield code="e">Verfasser/-in</marc:subfield>
   </marc:datafield>
   <marc:datafield ind1="0" ind2="0" tag="245">
      <marc:subfield code="a">Einmal Sommer mit bunten Streuseln</marc:subfield>
   </marc:datafield>
   <marc:datafield ind1="0" ind2="0" tag="245">
      <marc:subfield code="c">Kristina Kreuzer</marc:subfield>
   </marc:datafield>
   <marc:datafield ind1=" " ind2="1" tag="264">
      <marc:subfield code="a">Hamburg</marc:subfield>
      <marc:subfield code="b">KARIBU</marc:subfield>
      <marc:subfield code="c">2025</marc:subfield>
   </marc:datafield>
   <marc:datafield ind1=" " ind2=" " tag="250">
      <marc:subfield code="a">1. Auflage</marc:subfield>
   </marc:datafield>
   <marc:datafield ind1="1" ind2=" " tag="520">
      <marc:subfield code="a">Es sind die großen Sommerferien und Mila, Max, Luh, Arthur und Liz verstreut es in alle Himmelsrichtungen! Liz fliegt das erste Mal alleine nach Malta, und erlebt dort eine gehörige Überraschung, als in ihrer Gastfamilie nicht eine Schwester, sondern gleich drei Gastbrüder auf sie warten. Mila und Max sind ein Paar und verbringen ihre Ferien gemeinsam in Deutschland. Luh ist mit ihrem Freund bei ihrer Familie in Bali und Arthur ist das erste Mal verliebt. Kein Wunder, dass das Wiedersehen danach etwas holprig verläuft. Aber die fünf sind schließlich beste Freunde und immer füreinander da … oder etwa nicht?</marc:subfield>
   </marc:datafield>
   <marc:datafield ind1=" " ind2=" " tag="020">
      <marc:subfield code="a">9783961294381</marc:subfield>
      <marc:subfield code="9">9783961294381</marc:subfield>
   </marc:datafield>
   <marc:datafield ind1=" " ind2=" " tag="020">
      <marc:subfield code="a">3961294380</marc:subfield>
      <marc:subfield code="9">3961294380</marc:subfield>
   </marc:datafield>
   <marc:datafield ind1=" " ind2=" " tag="041">
      <marc:subfield code="a">ger</marc:subfield>
   </marc:datafield>
   <marc:datafield ind1=" " ind2=" " tag="300">
      <marc:subfield code="a">320 Seiten</marc:subfield>
   </marc:datafield>
</marc:record>
